[Event "Khalif"]
[Site "Charlesbourg CAN"]
[Date "2014.04.14"]
[Round "4"]
[White "Tremblay-Alix, Eric"]
[Black "Fecteau, Martin"]
[Result "1-0"]
[WhiteElo "1865"]
[BlackElo "1972"]
[PlyCount "67"]
[EventDate "2014.03.24"]
[EventType "swiss"]
[EventRounds "5"]
[EventCountry "CAN"]

1. c4 e5 2. Nc3 Nf6 3. Nf3 Nc6 4. g3 d5 5. cxd5 Nxd5 6. Bg2 Nb6 7. b3 Be7 8.
O-O O-O 9. e3 Qd3 10. Ne1 Qg6 11. Bb2 Bg4 12. f3 Bf5 13. e4 Be6 14. Nc2 Rad8
15. Nb5 Rd7 16. Qe2 a6 17. Nba3 Rfd8 18. Rad1 Bc5+ 19. Kh1 Nd4 20. Nxd4 Bxd4
21. Bc3 f6 22. Nc2 Bc5 23. Ne3 Qh5 24. Rf2 Bd4 25. Rc1 c6 26. Ba5 Re8 27. Qe1
Nc8 28. f4 exf4 29. Rxf4 Qxa5 30. Qe2 Bxe3 31. Qxe3 Qxd2 32. Qc5 Qd6 33. Qh5
Qe5 34. Qxe8# 1-0

[Event "Khalif"]
[Site "Charlesbourg CAN"]
[Date "2014.04.21"]
[Round "5"]
[White "Glode, Martin"]
[Black "May, Oliver"]
[Result "1-0"]
[WhiteElo "1876"]
[BlackElo "1725"]
[PlyCount "51"]
[EventDate "2014.03.24"]
[EventType "swiss"]
[EventRounds "5"]
[EventCountry "CAN"]

1. e4 e5 2. Nf3 Nc6 3. Bb5 a6 4. Bxc6 bxc6 5. O-O d6 6. d4 exd4 7. Qxd4 c5 8.
Qc3 Be6 9. Ng5 h6 10. Nxe6 fxe6 11. Rd1 Qe7 12. b4 cxb4 13. Qc6+ Kf7 14. Qxa8
Qf6 15. e5 Qxe5 16. Qf3+ Nf6 17. Qb3 Ng4 18. Qf3+ Nf6 19. c3 g5 20. Qe3 Qxe3
21. Bxe3 Ne4 22. cxb4 Bg7 23. Bd4 e5 24. Bb2 Rb8 25. a3 a5 26. f3 1-0

[Event "Khalif"]
[Site "Charlesbourg CAN"]
[Date "2014.04.21"]
[Round "5"]
[White "Lamontagne, Danny"]
[Black "Tremblay-Alix, Eric"]
[Result "0-1"]
[WhiteElo "1915"]
[BlackElo "1865"]
[PlyCount "60"]
[EventDate "2014.03.24"]
[EventType "swiss"]
[EventRounds "5"]
[EventCountry "CAN"]

1. e4 e6 2. d4 d5 3. Nc3 Nf6 4. Bg5 Bb4 5. e5 h6 6. Be3 Ne4 7. Qg4 g5 8. a3
Bxc3+ 9. bxc3 Nxc3 10. Bd3 Bd7 11. h4 Rg8 12. hxg5 hxg5 13. Nf3 Nc6 14. Rh7 Qe7
15. Bxg5 O-O-O 16. Bxe7 Rxg4 17. Bxd8 Kxd8 18. Kd2 Ne4+ 19. Ke3 Rxg2 20. Bxe4
dxe4 21. Nd2 Ke7 22. Rah1 Nxd4 23. Kxd4 Rxf2 24. R1h2 Rf5 25. Nxe4 Bc6 26. R2h4
b6 27. Rg7 Be8 28. Rg5 Rf3 29. c3 Bb5 30. Rh7 Rd3# 0-1

[Event "Khalif"]
[Site "Charlesbourg CAN"]
[Date "2014.04.21"]
[Round "5"]
[White "Pouliot, Lewis"]
[Black "Garneau, Benoit"]
[Result "0-1"]
[WhiteElo "1476"]
[BlackElo "1927"]
[PlyCount "54"]
[EventDate "2014.03.24"]
[EventType "swiss"]
[EventRounds "5"]
[EventCountry "CAN"]

1. c4 e5 2. g3 Nf6 3. Bg2 Nc6 4. Nc3 Bb4 5. e3 O-O 6. Nge2 d6 7. O-O Re8 8. Nd5
Nxd5 9. cxd5 Ne7 10. d4 Ng6 11. a3 Ba5 12. dxe5 Nxe5 13. b4 Bb6 14. Qc2 Bd7 15.
f4 Ng4 16. Kh1 Bxe3 17. Nc3 Bxc1 18. Qxc1 Ne3 19. Rf2 Nxg2 20. Kxg2 Bf5 21. h3
h5 22. Qd1 Qf6 23. Rc1 Re3 24. Ne2 c6 25. Nd4 Rd3 26. Qxh5 Rxd4 27. dxc6 bxc6
0-1

[Event "Khalif"]
[Site "Charlesbourg CAN"]
[Date "2014.04.21"]
[Round "5"]
[White "Tremblay, Rejean"]
[Black "Lessard, Claude"]
[Result "1-0"]
[WhiteElo "2199"]
[BlackElo "1991"]
[PlyCount "59"]
[EventDate "2014.03.24"]
[EventType "swiss"]
[EventRounds "5"]
[EventCountry "CAN"]

1. d4 Nf6 2. Nf3 c5 3. d5 d6 4. c4 e5 5. Nc3 Be7 6. e4 O-O 7. Bd3 Ne8 8. O-O f5
9. exf5 Bxf5 10. Bxf5 Rxf5 11. Qd3 g6 12. Bd2 Nd7 13. Ne4 Ng7 14. g4 Rf8 15. h3
Nf6 16. Nfg5 Qd7 17. Kg2 Nxe4 18. Nxe4 a6 19. a4 Rab8 20. b4 b6 21. f3 cxb4 22.
Bxb4 a5 23. Bc3 Rfc8 24. f4 exf4 25. Qd4 Bh4 26. Rxf4 Rf8 27. Raf1 Rxf4 28.
Rxf4 Qe7 29. Nxd6 Rd8 30. Nf7 1-0

[Event "Kingston op"]
[Site "Kingston CAN"]
[Date "2014.02.08"]
[Round "3"]
[White "Palsson, Halldor"]
[Black "Kellar, Ben"]
[Result "0-1"]
[WhiteElo "2053"]
[BlackElo "1673"]
[PlyCount "100"]
[EventDate "2014.02.07"]
[EventType "swiss"]
[EventRounds "5"]
[EventCountry "CAN"]

1. d4 d5 2. c4 e6 3. Nc3 Nf6 4. Bg5 Be7 5. e3 O-O 6. Nf3 b6 7. Bd3 Bb7 8. O-O
Nbd7 9. Rc1 Rc8 10. Qe2 Ne4 11. Bxe7 Qxe7 12. cxd5 exd5 13. Nb5 c5 14. Nxa7 Ra8
15. Nb5 Rxa2 16. dxc5 bxc5 17. Rfd1 Ndf6 18. Ne1 Qe5 19. Bxe4 dxe4 20. Nc3 Ra6
21. Nc2 Bc8 22. Rd2 Ng4 23. g3 Qh5 24. h4 Qf5 25. Rd5 Ne5 26. Ne1 Rf6 27. Qf1
Ba6 28. Qg2 Bb7 29. Rdd1 Ng4 30. Rd2 Rh6 31. Rcd1 g5 32. Nd5 Kh8 33. hxg5 Rh2
34. Qf1 Qxg5 35. Ng2 Rg8 36. Ndf4 Rh6 37. Qc4 Ne5 38. Qc3 f6 39. Rd6 Nf3+ 40.
Kf1 Rh1+ 41. Ke2 Nd4+ 42. Kd2 Nb5 43. Rxh1 Nxc3 44. bxc3 Bc8 45. Rh5 Qg7 46.
Nh4 Qc7 47. Rdd5 Rd8 48. Rxd8+ Qxd8+ 49. Rd5 Qa5 50. Nf5 Be6 0-1

[Event "Kingston op"]
[Site "Kingston CAN"]
[Date "2014.02.09"]
[Round "5"]
[White "Kellar, Ben"]
[Black "Donev, Danail"]
[Result "1-0"]
[WhiteElo "1673"]
[BlackElo "2049"]
[PlyCount "97"]
[EventDate "2014.02.07"]
[EventType "swiss"]
[EventRounds "5"]
[EventCountry "CAN"]

1. c4 Nf6 2. g3 g6 3. Bg2 Bg7 4. Nc3 O-O 5. Nf3 d6 6. O-O Nbd7 7. Rb1 e5 8. d3
c6 9. e4 Qc7 10. b4 Nb6 11. a4 Be6 12. a5 Nc8 13. Nd2 Ne7 14. Nb3 d5 15. Nc5
Qc8 16. Nxe6 Qxe6 17. exd5 cxd5 18. c5 d4 19. Nb5 Nfd5 20. Qb3 Rfd8 21. Re1 Qd7
22. Nd6 Qe6 23. Bb2 Rxd6 24. cxd6 Qxd6 25. Ba3 Nc3 26. b5 Qd7 27. Rb2 Ned5 28.
a6 b6 29. Bb4 Rd8 30. Bxc3 Nxc3 31. Bc6 Qd6 32. Qb4 Bf8 33. Qxd6 Bxd6 34. f4
exf4 35. gxf4 Kf8 36. Rf2 f5 37. Kg2 Kf7 38. h4 Kf8 39. Kf3 h6 40. Rg2 Kf7 41.
Reg1 Rg8 42. h5 g5 43. fxg5 hxg5 44. Rxg5 Rxg5 45. Rxg5 Be7 46. Rxf5+ Ke6 47.
Rf4 Bd6 48. Rxd4 Be5 49. Rd7 1-0

[Event "La Variante CC-ch 2014-15"]
[Site "St-Jerome CAN"]
[Date "2014.11.03"]
[Round "2"]
[White "Demeule, Sylvain"]
[Black "Savaria, Georges-Patrick"]
[Result "1-0"]
[WhiteElo "1745"]
[BlackElo "1531"]
[PlyCount "114"]
[EventDate "2014.09.29"]
[EventType "swiss"]
[EventRounds "10"]
[EventCountry "CAN"]

1. e4 e6 2. d4 d5 3. Nd2 Nc6 4. Ngf3 Nf6 5. e5 Nd7 6. Bb5 a6 7. Bxc6 bxc6 8. c4
c5 9. cxd5 Nb6 10. dxe6 Bxe6 11. dxc5 Bxc5 12. O-O O-O 13. Ne4 Be7 14. Bg5 Nd5
15. Bxe7 Qxe7 16. Nfg5 h6 17. Nxe6 Qxe6 18. Nc5 Qc6 19. Rc1 Rfd8 20. Qg4 Rab8
21. e6 Qe8 22. Nxa6 Rxb2 23. Rfe1 Rxa2 24. Nxc7 Nxc7 25. Rxc7 Qxe6 26. Qxe6
fxe6 27. Re7 Rd6 28. h3 Kf8 29. R7xe6 Rxe6 30. Rxe6 Ra1+ 31. Kh2 Ra2 32. Kg3
Kf7 33. Rd6 Re2 34. f4 g6 35. Kf3 Ra2 36. g3 Ra3+ 37. Kg4 h5+ 38. Kh4 Kg7 39.
Rd7+ Kh6 40. Rd6 Ra5 41. g4 hxg4 42. hxg4 Ra1 43. f5 Rh1+ 44. Kg3 Rg1+ 45. Kf3
Rf1+ 46. Kg2 Rf4 47. Rxg6+ Kh7 48. Kg3 Ra4 49. Kh4 Ra1 50. Kg5 Rf1 51. f6 Rf2
52. Rg7+ Kh8 53. Re7 Kg8 54. Kg6 Kf8 55. Ra7 Re2 56. Ra8+ Re8 57. Rxe8+ Kxe8
1-0

[Event "Labour Day op U1300"]
[Site "Toronto CAN"]
[Date "2014.08.30"]
[Round "1"]
[White "Pishdad, Hassan"]
[Black "Jeyakumar, Yathushan"]
[Result "1-0"]
[WhiteElo "1164"]
[BlackElo "930"]
[PlyCount "143"]
[EventDate "2014.08.30"]
[EventType "swiss"]
[EventRounds "6"]
[EventCountry "CAN"]

1. d4 Nf6 2. c4 e6 3. a3 Nc6 4. Nc3 d5 5. e3 Bd6 6. Nf3 Bd7 7. Bd3 O-O 8. O-O
Na5 9. c5 Be7 10. Bd2 b6 11. b4 Nc6 12. b5 Na5 13. c6 Be8 14. e4 dxe4 15. Nxe4
Nxe4 16. Bxa5 bxa5 17. Bxe4 Bf6 18. Ne5 Bxe5 19. dxe5 Qxd1 20. Rfxd1 f6 21.
exf6 Rxf6 22. Rd4 a6 23. bxa6 Rxa6 24. Rd8 Kf7 25. Rc8 Ra7 26. Rd1 e5 27. Rdd8
Bxc6 28. Rf8+ Ke7 29. Rxf6 gxf6 30. Bxc6 Ra6 31. Bb5 Rd6 32. Rxc7+ Ke6 33. Rxh7
Rd1+ 34. Bf1 Ra1 35. Rh3 Ke7 36. g4 Rc1 37. Kg2 Rc8 38. Ba6 Rg8 39. Rh7+ Kd6
40. h3 f5 41. Bc4 Rg5 42. Kf3 Kc5 43. Be6 f4 44. Ke4 Kd6 45. Bf5 Rg8 46. Rd7+
Kc6 47. Kxe5 Re8+ 48. Kxf4 Kb5 49. Rb7+ Ka6 50. Rb3 a4 51. Rb4 Ka5 52. Bd7 Rf8+
53. Kg3 Rd8 54. Rxa4+ Kb6 55. Bf5 Kb5 56. Rb4+ Kc5 57. h4 Ra8 58. Rb3 Kc4 59.
Re3 Kb5 60. h5 Kc4 61. Kh4 Kd4 62. a4 Kc5 63. Bd7 Kd6 64. Bb5 Rf8 65. f3 Kc5
66. h6 Kd5 67. Rd3+ Kc5 68. Bd7 Rh8 69. Kh5 Kc4 70. Bb5+ Kc5 71. g5 Kb6 72. g6
1-0

[Event "Labour Day op U1300"]
[Site "Toronto CAN"]
[Date "2014.08.30"]
[Round "2"]
[White "Bhanji, Zaynah"]
[Black "Pishdad, Hassan"]
[Result "0-1"]
[WhiteElo "1055"]
[BlackElo "1164"]
[PlyCount "144"]
[EventDate "2014.08.30"]
[EventType "swiss"]
[EventRounds "6"]
[EventCountry "CAN"]

1. e4 c5 2. Nc3 e6 3. f4 d5 4. d3 Nc6 5. Nf3 Nge7 6. Bd2 a6 7. a4 d4 8. Ne2 Ng6
9. g3 Be7 10. Bg2 O-O 11. O-O f5 12. e5 Rb8 13. c3 b6 14. Qc2 Bb7 15. cxd4 Nxd4
16. Nexd4 cxd4 17. Qc4 Bd5 18. Qc2 Rc8 19. Qd1 a5 20. Nxd4 Bc5 21. Be3 Bxd4 22.
Bxd4 Bxg2 23. Kxg2 Qxd4 24. Qb3 Qd5+ 25. Qxd5 exd5 26. Rac1 Rc5 27. d4 Rc4 28.
Rxc4 dxc4 29. d5 Ne7 30. Rd1 Nc8 31. d6 Rd8 32. Rd4 b5 33. Kf2 Kf7 34. h3 Nb6
35. axb5 Ke6 36. Ke2 Rc8 37. Kd2 Rc5 38. g4 g6 39. Kc3 Rxb5 40. d7 Nxd7 41.
Rxc4 Nc5 42. Rd4 Ne4+ 43. Kc2 Rb6 44. Rd3 Rc6+ 45. Kb1 fxg4 46. hxg4 Nf2 47.
Rg3 Ne4 48. Rd3 Rc4 49. Rd1 a4 50. Ka2 Rc2 51. Ka3 Rf2 52. Rd4 Rxf4 53. Rxa4
Kxe5 54. Ra5+ Kf6 55. g5+ Nxg5 56. b4 Ne6 57. b5 Rf3+ 58. Kb4 Rf4+ 59. Kc3 Rd4
60. Kb3 Rd8 61. Kc4 Rb8 62. Kd5 h5 63. b6 h4 64. b7 h3 65. Ra1 h2 66. Kc6 Ke7
67. Rd1 Nd8+ 68. Rxd8 h1=Q+ 69. Rd5 Rxb7 70. Kc5 Qc1+ 71. Kd4 Rb4+ 72. Ke5 Qf4#
0-1

[Event "Labour Day op U1300"]
[Site "Toronto CAN"]
[Date "2014.08.31"]
[Round "3"]
[White "Pishdad, Hassan"]
[Black "Karpik, Steve"]
[Result "1/2-1/2"]
[WhiteElo "1164"]
[BlackElo "1241"]
[PlyCount "70"]
[EventDate "2014.08.30"]
[EventType "swiss"]
[EventRounds "6"]
[EventCountry "CAN"]

1. d4 d6 2. c4 Nf6 3. Nc3 g6 4. e4 Bg7 5. Nf3 O-O 6. Be2 b6 7. O-O Bb7 8. Qc2
c5 9. d5 Ng4 10. h3 Ne5 11. Bf4 Nxf3+ 12. Bxf3 Nd7 13. Rab1 Ne5 14. Bxe5 Bxe5
15. b3 Bc8 16. g4 Bd7 17. Qd3 e6 18. Rbd1 Qg5 19. Ne2 f5 20. dxe6 Bxe6 21. exf5
Bxf5 22. Be4 Bxe4 23. Qxe4 Rae8 24. Qd5+ Kg7 25. f4 Bd4+ 26. Nxd4 Qxd5 27. cxd5
cxd4 28. Rxd4 Re2 29. Rf2 Re3 30. Kg2 Rfe8 31. Rdd2 R8e4 32. Rc2 Rd3 33. Rcd2
Rxd2 34. Rxd2 Rxf4 35. Kg3 Rf7 1/2-1/2

[Event "Labour Day op U1300"]
[Site "Toronto CAN"]
[Date "2014.09.01"]
[Round "5"]
[White "De Costa, Alex"]
[Black "Pishdad, Hassan"]
[Result "1/2-1/2"]
[WhiteElo "1183"]
[BlackElo "1164"]
[PlyCount "88"]
[EventDate "2014.08.30"]
[EventType "swiss"]
[EventRounds "6"]
[EventCountry "CAN"]

1. e4 c5 2. Nc3 e6 3. Nge2 d5 4. exd5 exd5 5. d4 Nf6 6. Bg5 cxd4 7. Nxd4 Be7 8.
Qd2 O-O 9. Bd3 Nc6 10. Nxc6 bxc6 11. O-O Re8 12. Rfe1 Be6 13. Ne2 h6 14. Bh4
Qb6 15. c3 Ne4 16. Bxe4 Bxh4 17. g3 dxe4 18. gxh4 Bd5 19. Ng3 Qd8 20. Qf4 g5
21. hxg5 Qxg5 22. Qxg5+ hxg5 23. c4 Bxc4 24. Nxe4 Kg7 25. b3 Bd5 26. Nxg5 Rg8
27. Ne4 f5 28. Ng3 Kf6 29. f4 Rg4 30. Rad1 Rxf4 31. Nh5+ Kg5 32. Nxf4 Kxf4 33.
Rd4+ Be4 34. Rd2 Rg8+ 35. Kf1 a5 36. h4 Rg4 37. Rf2+ Kg3 38. h5 Rh4 39. Rxe4
fxe4 40. Rf5 Kg4 41. Rxa5 Kf3 42. Rf5+ Ke3 43. a4 Kd3 44. a5 e3 1/2-1/2

[Event "Labour Day op U1300"]
[Site "Toronto CAN"]
[Date "2014.09.01"]
[Round "6"]
[White "Pishdad, Hassan"]
[Black "Tan, James"]
[Result "1/2-1/2"]
[WhiteElo "1164"]
[BlackElo "1212"]
[PlyCount "81"]
[EventDate "2014.08.30"]
[EventType "swiss"]
[EventRounds "6"]
[EventCountry "CAN"]

1. d4 d5 2. c4 e6 3. e3 Nf6 4. cxd5 exd5 5. Nf3 Bg4 6. Be2 Nbd7 7. a3 Bd6 8. h3
Bh5 9. Nc3 c6 10. O-O O-O 11. Qb3 Qb6 12. Qd1 h6 13. Nh4 Bg6 14. Nxg6 fxg6 15.
f4 Rae8 16. Na4 Qc7 17. Qc2 Ne4 18. Nc3 Ndf6 19. Bf3 Qd8 20. Nxe4 Nxe4 21. b4
g5 22. Bxe4 Rxe4 23. g3 gxf4 24. gxf4 g5 25. Qg2 Re7 26. fxg5 Rg7 27. h4 hxg5
28. Rxf8+ Bxf8 29. h5 g4 30. Bb2 Qh4 31. Qh2 Qg5 32. Qe5 Qxe5 33. dxe5 Rg5 34.
e6 Rxh5 35. Bf6 Rh7 36. Rf1 Be7 37. Bd4 a6 38. Rf4 Rh4 39. Rf7 Rh7 40. Rf4 Rh4
41. Rf7 1/2-1/2

[Event "Labour Day op U1800"]
[Site "Toronto CAN"]
[Date "2014.08.30"]
[Round "1"]
[White "Armstrong, Robert J"]
[Black "Orozco, Joey"]
[Result "0-1"]
[WhiteElo "1587"]
[BlackElo "1734"]
[PlyCount "86"]
[EventDate "2014.08.30"]
[EventType "swiss"]
[EventRounds "6"]
[EventCountry "CAN"]

1. d4 Nf6 2. c4 g6 3. Nc3 d5 4. e3 Bg7 5. Nf3 O-O 6. Bd3 c5 7. O-O cxd4 8. exd4
Nc6 9. Bf4 Nh5 10. Be5 Nxe5 11. Nxe5 Nf4 12. cxd5 Nxd5 13. Bc4 e6 14. Qb3 Nb6
15. Rfd1 Bxe5 16. dxe5 Qc7 17. Rd4 Qxe5 18. Rad1 Nxc4 19. Qxc4 b6 20. Qc6 Rb8
21. Qc4 Bb7 22. Rd7 Qg5 23. g3 Qf6 24. Qd3 a6 25. b3 b5 26. Ne4 Bxe4 27. Qxe4
Rfd8 28. Rxd8+ Rxd8 29. Rxd8+ Qxd8 30. Qf4 Qd1+ 31. Kg2 Qd5+ 32. Kg1 Kg7 33. h4
e5 34. Qc1 h6 35. Qa3 Qc6 36. Qb2 Qf6 37. Qc2 Qd6 38. Qb2 Kh7 39. Qc2 Qd4 40.
Qc6 Qa1+ 41. Kg2 Qxa2 42. Qd5 Kg8 43. Qxe5 Qxb3 0-1

[Event "Labour Day op U1800"]
[Site "Toronto CAN"]
[Date "2014.08.30"]
[Round "2"]
[White "Qian, Lanting"]
[Black "Armstrong, Robert J"]
[Result "1-0"]
[WhiteElo "1712"]
[BlackElo "1587"]
[PlyCount "79"]
[EventDate "2014.08.30"]
[EventType "swiss"]
[EventRounds "6"]
[EventCountry "CAN"]

1. d4 g6 2. Nf3 Bg7 3. c4 Nf6 4. Nc3 O-O 5. e4 d6 6. Be2 Nc6 7. O-O e5 8. d5
Ne7 9. Ne1 Nd7 10. Nd3 f5 11. Bd2 f4 12. Bg4 Nf6 13. Bxc8 Rxc8 14. f3 b6 15. b4
c5 16. bxc5 bxc5 17. Qa4 Rf7 18. Rfb1 Rb8 19. Rxb8 Qxb8 20. Rb1 Qa8 21. Nb5 Nc8
22. Qa6 Ne8 23. Ba5 Rb7 24. Rb3 Bf8 25. g3 g5 26. Rb2 Qb8 27. Rg2 Kh8 28. h4 h6
29. hxg5 hxg5 30. gxf4 gxf4 31. a4 Nb6 32. Bc3 Nxc4 33. Nxf4 Rg7 34. Ne6 Rxg2+
35. Kxg2 Ne3+ 36. Kg1 Nf6 37. Qxa7 Qe8 38. Kf2 Bh6 39. Nxd6 Kg8 40. Nxe8 1-0

[Event "Labour Day op U1800"]
[Site "Toronto CAN"]
[Date "2014.08.31"]
[Round "3"]
[White "Armstrong, Robert J"]
[Black "Noorali, Aahil"]
[Result "0-1"]
[WhiteElo "1587"]
[BlackElo "1634"]
[PlyCount "76"]
[EventDate "2014.08.30"]
[EventType "swiss"]
[EventRounds "6"]
[EventCountry "CAN"]

1. d4 Nf6 2. c4 e6 3. Nf3 d5 4. e3 Nbd7 5. Bd3 dxc4 6. Bxc4 Nb6 7. Bb3 Bd7 8.
O-O Be7 9. Nc3 O-O 10. Ne5 Nbd5 11. Nxd7 Qxd7 12. Qf3 c6 13. e4 Nc7 14. Bf4
Rac8 15. Rfd1 Rfd8 16. Bxc7 Qxc7 17. d5 cxd5 18. exd5 e5 19. h3 a6 20. Rac1 Qd7
21. Bc2 Rc4 22. Qe3 Bd6 23. Ne4 Nxe4 24. Bxe4 Rxc1 25. Rxc1 f5 26. Bc2 Rf8 27.
Qb6 Qe7 28. Bb3 h6 29. a4 Re8 30. Ba2 e4 31. Qd4 f4 32. Bb1 Qg5 33. Qd1 f3 34.
Qf1 fxg2 35. Qe1 Bf4 36. Rc2 e3 37. f3 e2 38. Rxe2 Rxe2 0-1

[Event "Labour Day op U1800"]
[Site "Toronto CAN"]
[Date "2014.08.31"]
[Round "4"]
[White "Petersen, Caleb"]
[Black "Armstrong, Robert J"]
[Result "1-0"]
[WhiteElo "1555"]
[BlackElo "1587"]
[PlyCount "89"]
[EventDate "2014.08.30"]
[EventType "swiss"]
[EventRounds "6"]
[EventCountry "CAN"]

1. e4 g6 2. d4 Bg7 3. Nf3 d6 4. Nc3 Nf6 5. Bc4 Nxe4 6. Nxe4 d5 7. Bd3 dxe4 8.
Bxe4 O-O 9. O-O Nd7 10. c3 Nf6 11. Bc2 c6 12. Re1 Re8 13. h3 Be6 14. Rxe6 fxe6
15. Qe2 Qd6 16. Ng5 Nd5 17. Nxe6 Rac8 18. Bb3 Kh8 19. Bg5 b5 20. Re1 a5 21. Qf3
Nf6 22. Bf4 Qd7 23. Ng5 Nd5 24. Ne6 Nxf4 25. Qxf4 Qd6 26. Qh4 Bf6 27. Qh6 a4
28. Bc2 Rg8 29. Nf4 Bg7 30. Qh4 Bf6 31. Qg4 Rcf8 32. h4 e5 33. dxe5 Bxe5 34.
Nh3 Qf6 35. h5 gxh5 36. Qxh5 Rg7 37. Qxe5 Qh4 38. Qe6 Rf6 39. Qc8+ Rg8 40. Re8
Rxe8 41. Qxe8+ Kg7 42. Qe7+ Kg8 43. Bxh7+ Kh8 44. Bc2 Qf4 45. Nxf4 1-0

[Event "Labour Day op U1800"]
[Site "Toronto CAN"]
[Date "2014.09.01"]
[Round "5"]
[White "Minzak, Michael"]
[Black "Armstrong, Robert J"]
[Result "0-1"]
[WhiteElo "1206"]
[BlackElo "1587"]
[PlyCount "114"]
[EventDate "2014.08.30"]
[EventType "swiss"]
[EventRounds "6"]
[EventCountry "CAN"]

1. e4 g6 2. d4 Bg7 3. Nf3 d6 4. c4 Nf6 5. Nc3 O-O 6. Be2 Nc6 7. O-O e5 8. d5
Ne7 9. Be3 Ng4 10. Qd2 Nxe3 11. Qxe3 f5 12. Nd2 f4 13. Qd3 a6 14. a4 Qe8 15. b3
g5 16. f3 h5 17. g4 fxg3 18. hxg3 Qg6 19. g4 Rf4 20. Rf2 hxg4 21. fxg4 Bxg4 22.
Bxg4 Rxg4+ 23. Rg2 Rxg2+ 24. Kxg2 Rf8 25. Rf1 g4 26. Rxf8+ Bxf8 27. Ne2 Bh6 28.
Nf1 Qh5 29. Qg3 Ng6 30. Nh2 Bf4 31. Nxf4 Nxf4+ 32. Kh1 Ne2 33. Qxg4+ Qxg4 34.
Nxg4 Ng3+ 35. Kg2 Nxe4 36. b4 Kf7 37. a5 Ke7 38. Ne3 Kd7 39. Kf3 Nc3 40. Nc2 c6
41. dxc6+ bxc6 42. Ke3 d5 43. cxd5 cxd5 44. Kd3 Ne4 45. Na3 Kc6 46. b5+ axb5
47. a6 Nc5+ 48. Ke3 Nxa6 49. Kd3 b4 50. Nc2 Kc5 51. Ne3 e4+ 52. Kc2 d4 53. Nd1
d3+ 54. Kd2 Kd4 55. Ne3 Nc5 56. Nd1 Nb3+ 57. Ke1 e3 0-1

[Event "Langley CC-ch"]
[Site "Langley CAN"]
[Date "2014.09.29"]
[Round "2"]
[White "Fazel, Amir"]
[Black "Doknjas, Neil"]
[Result "1/2-1/2"]
[WhiteElo "1611"]
[BlackElo "1507"]
[PlyCount "156"]
[EventDate "2014.09.22"]
[EventType "swiss"]
[EventRounds "5"]
[EventCountry "CAN"]

1. d4 d5 2. c4 e6 3. Nc3 Nf6 4. Bg5 Be7 5. Nf3 h6 6. Bh4 O-O 7. e3 b6 8. Be2
Bb7 9. O-O Nbd7 10. Bg3 c5 11. Rc1 Rc8 12. Nb5 a6 13. Nd6 Bxd6 14. Bxd6 Re8 15.
Qb3 cxd4 16. exd4 dxc4 17. Bxc4 Bxf3 18. Qxf3 b5 19. Bd3 Nb6 20. Bc5 Na4 21. b4
Qd5 22. Qe2 Nxc5 23. dxc5 Qd4 24. a3 Nd5 25. Qc2 Qg4 26. Be2 Qg5 27. Bf3 Qe7
28. Rfd1 Red8 29. Qb3 Nf6 30. a4 Qe8 31. c6 Rc7 32. axb5 axb5 33. Rc5 Nd5 34.
Rdc1 Rdc8 35. Bxd5 exd5 36. Qxd5 Rd8 37. Qb3 Rd4 38. Qc3 Qd8 39. h3 Rd1+ 40.
Rxd1 Qxd1+ 41. Kh2 Qd6+ 42. Qg3 Rxc6 43. Rxb5 Qd1 44. Qf4 Rf6 45. Rb8+ Kh7 46.
Qe4+ g6 47. Qe5 Qd6 48. Qxd6 Rxd6 49. Kg3 g5 50. Kf3 h5 51. b5 Rd3+ 52. Ke2 Rb3
53. Kd2 Rb2+ 54. Ke3 f5 55. b6 f4+ 56. Kf3 g4+ 57. hxg4 hxg4+ 58. Kxg4 Rxf2 59.
Ra8 Rb2 60. Ra7+ Kg6 61. b7 Rb4 62. Kf3 Kf5 63. Ra5+ Kg6 64. Kg4 Rxb7 65. Ra6+
Kg7 66. Kxf4 Kg8 67. g4 Rf7+ 68. Kg3 Rg7 69. Ra5 Re7 70. g5 Kg7 71. Kf4 Rf7+
72. Kg4 Kg8 73. g6 Rf1 74. Kg5 Rg1+ 75. Kf6 Rf1+ 76. Rf5 Rxf5+ 77. Kxf5 Kg7 78.
Kg5 Kg8 1/2-1/2

[Event "Langley op"]
[Site "Langley CAN"]
[Date "2014.08.30"]
[Round "2"]
[White "Long, Hugh"]
[Black "Kyriakides, Savvas"]
[Result "1-0"]
[WhiteElo "1705"]
[BlackElo "2054"]
[PlyCount "121"]
[EventDate "2014.08.30"]
[EventType "swiss"]
[EventRounds "6"]
[EventCountry "CAN"]

1. d4 Nf6 2. c4 g6 3. Nc3 Bg7 4. e4 d6 5. Nf3 O-O 6. h3 Nbd7 7. Bd3 c5 8. d5 a6
9. O-O Ne8 10. Bg5 Ne5 11. Nxe5 Bxe5 12. Bh6 Bg7 13. Bxg7 Nxg7 14. f4 Qc7 15.
Qd2 f5 16. Rae1 fxe4 17. Nxe4 Bf5 18. Ng5 h6 19. Bxf5 Rxf5 20. Ne6 Nxe6 21.
Rxe6 Rf6 22. Rfe1 Kf7 23. Qe3 Re8 24. Rxf6+ Kxf6 25. Qe6+ Kg7 26. Re3 Rf8 27.
Qxe7+ Rf7 28. Qxc7 Rxc7 29. Re6 Rd7 30. Kf2 b5 31. b3 bxc4 32. bxc4 a5 33. Kf3
Rb7 34. Rxd6 Rb4 35. Ra6 Ra4 36. Ke4 Rxc4+ 37. Ke5 Rc2 38. Rxa5 Rxg2 39. Ra7+
Kf8 40. a4 Rh2 41. Kf6 Ke8 42. Rc7 Rxh3 43. Rxc5 Rg3 44. a5 h5 45. a6 Ra3 46.
Rc6 h4 47. Ke6 Kd8 48. d6 h3 49. Rb6 Re3+ 50. Kf6 h2 51. a7 h1=Q 52. Rb8+ Kd7
53. a8=Q Re6+ 54. Kg7 Qxa8 55. Rxa8 Rxd6 56. Ra7+ Ke8 57. Rf7 g5 58. f5 Rd5 59.
f6 Rd1 60. Kg8 Rh1 61. Re7+ 1-0

[Event "Langley op"]
[Site "Langley CAN"]
[Date "2014.09.01"]
[Round "5"]
[White "Villavieja, Butch"]
[Black "Cheng, Bindi"]
[Result "0-1"]
[WhiteElo "2234"]
[BlackElo "2497"]
[PlyCount "68"]
[EventDate "2014.08.30"]
[EventType "swiss"]
[EventRounds "6"]
[EventCountry "CAN"]

1. e4 c5 2. Nf3 d6 3. d4 cxd4 4. Nxd4 Nf6 5. Nc3 a6 6. a4 Nc6 7. Be2 e6 8. O-O
Be7 9. Be3 O-O 10. f4 Qc7 11. Nb3 b6 12. Bf3 Bb7 13. g4 Nd7 14. Bg2 Rfe8 15. g5
Bf8 16. Rf3 Nb4 17. Rh3 g6 18. a5 b5 19. Rc1 Bg7 20. Qe1 Rac8 21. Qh4 Nf8 22.
Bb6 Qd7 23. Bd4 e5 24. fxe5 Bxe5 25. Qf2 Qe7 26. Rf1 Ne6 27. Be3 Nxc2 28. Qxc2
b4 29. Qf2 bxc3 30. bxc3 Rxc3 31. Bd2 Rxh3 32. Bxh3 Nxg5 33. Bg2 Nxe4 34. Qb6
Nxd2 0-1

[Event "Langley op"]
[Site "Langley CAN"]
[Date "2014.09.01"]
[Round "6"]
[White "Doknjas, John"]
[Black "Cheng, Bindi"]
[Result "0-1"]
[WhiteElo "2202"]
[BlackElo "2497"]
[PlyCount "64"]
[EventDate "2014.08.30"]
[EventType "swiss"]
[EventRounds "6"]
[EventCountry "CAN"]

1. d4 Nf6 2. c4 g6 3. Nc3 d5 4. Bf4 Bg7 5. Nf3 O-O 6. e3 c5 7. dxc5 Ne4 8. Rc1
Nd7 9. cxd5 Qa5 10. Be2 Nxc3 11. bxc3 Nxc5 12. O-O Qxa2 13. Be5 Bxe5 14. Nxe5
Qa5 15. Nd3 Bf5 16. Nxc5 Qxc5 17. c4 a5 18. Bg4 Bxg4 19. Qxg4 a4 20. Qd4 Rfc8
21. Qxc5 Rxc5 22. Rb1 Rxc4 23. Rxb7 a3 24. Ra1 a2 25. g3 Rc2 26. Kg2 Kf8 27. g4
Ra5 28. e4 Ra4 29. Kf3 Ra3+ 30. Kg2 Re3 31. Rb4 Ree2 32. Ra4 Rxf2+ 0-1

[Event "Langley op"]
[Site "Langley CAN"]
[Date "2014.09.01"]
[Round "6"]
[White "Yu, Robin"]
[Black "Leblanc, Paul"]
[Result "1/2-1/2"]
[WhiteElo "1916"]
[BlackElo "1851"]
[PlyCount "113"]
[EventDate "2014.08.30"]
[EventType "swiss"]
[EventRounds "6"]
[EventCountry "CAN"]

1. d4 d5 2. c4 c6 3. Nf3 Nf6 4. Nc3 a6 5. e3 Bf5 6. Bd3 Bxd3 7. Qxd3 e6 8. b3
Nbd7 9. O-O Bd6 10. Bb2 O-O 11. Rfe1 Re8 12. e4 dxe4 13. Nxe4 Nxe4 14. Rxe4 Nc5
15. Qe2 Nxe4 16. Qxe4 Qf6 17. Re1 Qg6 18. Qe2 Rad8 19. Ne5 Bxe5 20. dxe5 Rd7
21. Ba3 Qd3 22. Bd6 Qxe2 23. Rxe2 b5 24. c5 b4 25. a4 bxa3 26. Ra2 Rb7 27. Rxa3
Ra8 28. g3 a5 29. Kf1 h6 30. h4 h5 31. Ke2 Rb4 32. Bc7 a4 33. bxa4 Raxa4 34.
Rd3 Rd4 35. Rb3 Rdc4 36. Bd6 Rcb4 37. Rd3 Ra2+ 38. Kf1 Rbb2 39. Rf3 Rb4 40. Kg2
Ra1 41. Re3 Rb2 42. Rf3 Raa2 43. Kf1 Rc2 44. Rf4 Ra1+ 45. Kg2 Rac1 46. Re4 Rxc5
47. Bxc5 Rxc5 48. Kf3 Kf8 49. Kf4 Ke7 50. Ra4 Rd5 51. Ke4 Rd7 52. Ra2 c5 53.
Ra4 Rd5 54. Ra7+ Rd7 55. Ra4 Rb7 56. Kd3 Rd7+ 57. Ke4 1/2-1/2